MARC

LEADER 00000nam0a2200000 4500
001 314961
005 20231102002729.0
035 |a (RuTPU)RU\TPU\book\340394 
090 |a 314961 
100 |a 20160220d1981 km y0rusy50 ca 
101 0 |a rus 
102 |a LV 
105 |a a z 001zy 
200 1 |a Вопросы повышения эффективности функционирования авиационного и радиоэлектронного оборудования гражданской авиации  |f Рижский институт инженеров гражданской авиации им. Ленинского комсомола ; под ред. А. П. Зубрилова 
210 |a Рига  |c Изд-во Риж. ин-та инженеров гражданской авиации  |d 1981 
215 |a 129 с.  |c ил. 
320 |a Библиогр. в конце ст. 
606 1 |a Летательные аппараты  |x Радиоэлектронное оборудование  |x Эксплуатация  |2 stltpush  |3 (RuTPU)RU\TPU\subj\40133  |9 60004 
610 1 |a авиационное оборудование 
610 1 |a эффективность 
610 1 |a технические параметры 
610 1 |a измерение 
610 1 |a отказы 
610 1 |a моделирование 
610 1 |a автоматический контроль 
610 1 |a наземные системы 
610 1 |a надежность 
610 1 |a воздушное движение 
610 1 |a управление 
610 1 |a фазовые ошибки 
610 1 |a нестационарные помехи 
675 |a 629.73.05:621.3  |v 4 
702 1 |a Зубрилов  |b А. П.  |4 340 
712 0 2 |a Рижский институт инженеров гражданской авиации им. Ленинского комсомола  |2 stltpush  |3 (RuTPU)RU\TPU\col\8524  |9 24545 
801 1 |a RU  |b 63413507  |c 20160220 
801 2 |a RU  |b 63413507  |c 20200120  |g RCR 
942 |c BK